000 00502nam a22001937a 4500
003 OSt
005 20140310182837.0
008 130607t xxu||||| |||| 00| 0 eng d
050 _aTX 553
_b.N532 1965
082 _aM 613.28
_bN42 1965
245 _aThe new carbohydrate gram counter
260 _aNew York, NY :
_bDell Publishing Co., Inc.,
_cc1965.
300 _a126 p.
_c16 cm.
521 _aCollege Students
526 _c1210L-1700L
541 _j1
562 _e1
942 _2lcc
_cBK
_kM
999 _c16776
_d16776